000 00518nam a2200181 i 4500
001 140689
003 ES-MaACL
005 20230906200130.0
007 t|
008 070914s1962 sp ||||1| spa d
100 1 _aWelte, Bernhard.
_9116467
245 1 3 _aEl ateismo de Nietzsche y el cristianismo /
_cBernhard Welte.
260 _a[Madrid :
_bTaurus,
_c1962]
300 _a67 p. ;
_c17 cm.
600 1 4 _aNietzsche, Friedrich,
_d1844-1900
_985718
852 _aES-MaACL
_jC-23932
_bR.50787
999 _c140689
_d140689